000
00297cam a22001097a 4500
008
180718b1999 xxu||||| |||| 00| 0 eng d
082
_a
K M697b
100
_a
Mitram,N.R.
245
_a
Best management of human biomachine
_c
by N.R.Mitra
260
_a
Delhi
_b
Devika publication
_c
1999
300
_a
168p.
999
_c
503841
_d
503841